000 00723cab a2200229 4500
001 ABS47665
008 090401t1993 xxu||||| |||| 00| 0 eng d
035 _a(Sirsi) u62927
041 _aeng
100 _aBaker, L.
245 4 _aThe price of ownership
260 _c1993
350 _a0
490 _aHousing
_v28(10) January 1993, 37(1)
520 _aAccording to preliminary census results owner occupation has reached nearly 70%. This article deals with some current implications, including negative equity.
650 _aHOME OWNERSHIP
650 _aNEGATIVE EQUITY
650 _aREPOSSESSIONS
690 _aPROPERTY-RESIDENTIAL PROPERTY-RESIDENTIAL PROPERTY MARKET
942 _n0
948 _c04/03/1997
999 _c39099
_d39099